000 00353 a2200109 4500
001 ART_25997
005 20260410161727.0
008 260409a
245 1 0 _aSistemas informativos para la administración de resultados
100 1 _aSolana, Ricardo F.
773 0 _tAdministración de empresas
_g- Año 6, Nº 68 (nov. 1975)
_wREV2036
999 _c17534
_d17534